| 000 | 00467cam a2200205ua 4500 | ||
|---|---|---|---|
| 001 | 8268 | ||
| 008 | 150113n ii |||gr||||Z||||||eng | ||
| 020 | _a9780007427468 | ||
| 040 | _cMAIN | ||
| 041 | _aeng | ||
| 082 | _a823 | ||
| 100 |
_aGhosh, A., _eAuthor. |
||
| 245 | 1 |
_aThe glass palace _cBy Amitav Ghosh |
|
| 250 | _a1st. | ||
| 260 |
_aNoida: _bHarpercollins, _c2011. |
||
| 300 | _a546p. | ||
| 653 | _aEnglish fiction | ||
| 653 | _aIndia novels | ||
| 942 | _cBK | ||
| 999 |
_c7383 _d7383 |
||